Änderung bei der Bilanzierung von Finanzinstrumenten - Übergang von IAS 39 zu IFRS 9
Saved in:
| Main Author: | |
|---|---|
| Other Authors: | |
| Format: | Book Chapter |
| Language: | German |
| Subjects: | |
| Tags: |
No Tags, Be the first to tag this record!
|
MARC
| LEADER | 00000nla$a2200000$$$4500 | ||
|---|---|---|---|
| 001 | 0142806 | ||
| 005 | 20240502072547.5 | ||
| 041 | 0 | |a ger | |
| 044 | |a SK | ||
| 245 | 1 | 0 | |a Änderung bei der Bilanzierung von Finanzinstrumenten - Übergang von IAS 39 zu IFRS 9 |c Peter Markovič, Michal Šinský |
| 610 | 2 | 0 | |a účtovníctvo |
| 610 | 2 | 0 | |a štandardy účtovné medzinárodné |
| 610 | 2 | 0 | |a nástroje finančné |
| 610 | 2 | 0 | |a výkazníctvo finančné |
| 610 | 2 | 0 | |a reporting |
| 100 | 1 | |a Markovič, Peter, 1974- | |
| 700 | 1 | |a Šinský, Michal | |